| 000 | 00494nam a2200145 a 4500 | ||
|---|---|---|---|
| 008 | 120416s1965 ||||||||||||||||| || u | ||
| 050 | _aB 802 Haz | ||
| 100 | _aHazard, Paul | ||
| 245 | 1 | 0 | _aEuropean thought in the eighteenth century |
| 260 |
_aHarmondsworth _bPenguin _c1965 |
||
| 300 | _a507p. | ||
| 350 | _a0.00 | ||
| 650 | _aPHILOSOPHY | ||
| 995 |
_D0.00 _FCBU-MAIN LIBRARY (Kitwe) _H1 _I0.00 _UAVAILABLE _ZMain Library Open Access Collection |
||
| 999 |
_c42602 _d42602 |
||